Perfect weight America / (Record no. 450)

MARC details
000 -LEADER
fixed length control field 01185cam a2200313 a 4500
005 - DATE AND TIME OF LATEST TRANSACTION
control field 20260322212020.0
008 - FIXED-LENGTH DATA ELEMENTS--GENERAL INFORMATION
fixed length control field data
010 ## - LIBRARY OF CONGRESS CONTROL NUMBER
LC control number 2007035786
020 ## - INTERNATIONAL STANDARD BOOK NUMBER
International Standard Book Number 9781599792576
020 ## - INTERNATIONAL STANDARD BOOK NUMBER
International Standard Book Number 1599792575
040 ## - CATALOGING SOURCE
Original cataloging agency DLC
Transcribing agency DLC
Modifying agency DLC
-- BAKER
-- BTCTA
-- UPZ
-- IEF
-- ORX
-- DLC
050 00 - LIBRARY OF CONGRESS CALL NUMBER
Classification number RM222.2
Item number .R815 2008
082 00 - DEWEY DECIMAL CLASSIFICATION NUMBER
Classification number 613.2/5
Edition information 22
092 ## - LOCALLY ASSIGNED DEWEY CALL NUMBER (OCLC)
Classification number 613.2 R815 2008
001 - CONTROL NUMBER
control field data
100 1# - MAIN ENTRY--PERSONAL NAME
Personal name Rubin, Jordan.
245 10 - TITLE STATEMENT
Title Perfect weight America /
Statement of responsibility, etc. Jordan Rubin & Bernard E. Bulwer.
250 ## - EDITION STATEMENT
Edition statement 1st ed.
260 ## - PUBLICATION, DISTRIBUTION, ETC.
Place of publication, distribution, etc. Lake Mary, Fla. :
Name of publisher, distributor, etc. Siloam,
Date of publication, distribution, etc. c2008.
300 ## - PHYSICAL DESCRIPTION
Extent 358 p. :
Other physical details ill. ;
Dimensions 25 cm.
504 ## - BIBLIOGRAPHY, ETC. NOTE
Bibliography, etc. note Includes bibliographical references (p. 335-344) and index.
650 #0 - SUBJECT ADDED ENTRY--TOPICAL TERM
Topical term or geographic name entry element Weight loss.
650 #0 - SUBJECT ADDED ENTRY--TOPICAL TERM
Topical term or geographic name entry element Holistic medicine.
700 1# - ADDED ENTRY--PERSONAL NAME
Personal name Bulwer, Bernard E.
856 41 - ELECTRONIC LOCATION AND ACCESS
Materials specified Table of contents only
Uniform Resource Identifier <a href="http://www.loc.gov/catdir/toc/ecip0726/2007035786.html">http://www.loc.gov/catdir/toc/ecip0726/2007035786.html</a>
906 ## - LOCAL DATA ELEMENT F, LDF (RLIN)
a 7
b cbc
c orignew
d 1
e ecip
f 20
g y-gencatlg
925 0# -
-- acquire
-- 2 shelf copies
-- policy default
955 ## - COPY-LEVEL INFORMATION (RLIN)
-- jc02 2007-09-05 to Dewey
-- pv06 2008-02-26 Z-CipVer
-- xg22 2010-03-05 copy 2 added
Holdings
Withdrawn status Lost status Damaged status Not for loan Home library Current library Shelving location Date acquired Total checkouts Full call number Barcode Date last seen Price effective from Koha item type
        Riverside Riverside General stacks 22/03/2026   613.2/5 22 BC0010461 22/03/2026 22/03/2026 Books